000 00862nam a2200253Ia 4500
003 OSt
005 20221005033336.0
006 a|||||r|||| 00| 0
007 ta
008 221004b |||||||| |||| 00| 0 eng d
020 _c180
024 _a45270
037 _b121, 10/09/2008, N. R. Book Distributors
_cTextual
040 _aCRL
_cCRL
_beng
041 _2eng
_aeng
082 _aW,8, P8
100 _aGupta S. K.
245 0 _aCompilation central civic services (revised pay) rules, 2008 and allowances together with pay fixation tables
_b 6th pay commission implementation
260 _aDelhi
_bBahri Brothers India
_c2008
650 _aPUBLIC ADMINISTRATION
700 _a Malhotra Sanjiv
_9586035
942 _hW,8, P8
_cTEXL
_2cc
999 _c941391
_d941391